Maths 2 : (Record no. 113115)
[ view plain ]
| 000 -LEADER | |
|---|---|
| fixed length control field | 00293nam a2200109 a 4500 |
| 005 - DATE AND TIME OF LATEST TRANSACTION | |
| control field | 20140414132003.0 |
| 008 - FIXED-LENGTH DATA ELEMENTS--GENERAL INFORMATION | |
| fixed length control field | 110126s19uu xx 00 eng d |
| 050 ## - LIBRARY OF CONGRESS CALL NUMBER | |
| Classification number | TR 372.7 |
| Item number | M42 2003 |
| 245 ## - TITLE STATEMENT | |
| Title | Maths 2 : |
| Remainder of title | Maths exercises for preschoolers. |
| 440 ## - SERIES STATEMENT/ADDED ENTRY--TITLE | |
| Title | Active kindergarten |
| Withdrawn status | Lost status | Damaged status | Home library | Current library | Shelving location | Date acquired | Source of acquisition | Total Checkouts | Full call number | Barcode | Date last seen | Price effective from | Koha item type |
|---|---|---|---|---|---|---|---|---|---|---|---|---|---|
| Munich Library | Munich Library | Teachers Reference Section | 01/26/2011 | TR 372.7 M42 2003 | M4605 | 04/14/2014 | 04/14/2014 | Books |